[Event "DEM U18w 2021"]
[Site "Willingen GER"]
[Date "2021.08.25"]
[Round "4"]
[White "Garbuz, Nicole"]
[Black "Bardorz, Jana"]
[Result "1/2-1/2"]
[Termination "normal"]
[Board "4"]
[WhiteElo "1695"]
[BlackElo "1883"]
[WhiteClock "00:04:37"]
[BlackClock "00:21:12"]
[PlyCount "51"]
[WhiteFideId "12990701"]
[BlackFideId "16208897"]
[EventCountry "GER"]
[EventRounds "9"]
[EventType "swiss"]
[EventDate "2021.08.22"]

1. e4 {[%clk 1:30:58]} e5 {[%clk 1:30:51]} 2. Nf3 {[%clk 1:31:24]} Nc6 {[%clk
1:31:16]} 3. Bc4 {[%clk 1:31:49]} Bc5 {[%clk 1:31:39]} 4. d3 {[%clk 1:32:03]}
Nf6 {[%clk 1:31:47]} 5. O-O {[%clk 1:32:09]} d6 {[%clk 1:31:05]} 6. c3 {[%clk
1:31:51]} a6 {[%clk 1:30:28]} 7. Bb3 {[%clk 1:31:32]} Ba7 {[%clk 1:30:20]} 8.
Nbd2 {[%clk 1:31:13]} O-O {[%clk 1:26:47]} 9. h3 {[%clk 1:31:16]} Be6 {[%clk
1:25:20]} 10. Re1 {[%clk 1:30:30]} h6 {[%clk 1:24:07]} 11. Nf1 {[%clk 1:29:56]}
d5 {[%clk 1:22:17]} 12. exd5 {[%clk 1:29:05]} Nxd5 {[%clk 1:22:31]} 13. Bc2
{[%clk 1:28:02]} Re8 {[%clk 1:15:57]} 14. Ng3 {[%clk 1:26:33]} Qd6 {[%clk
1:12:18]} 15. Nh4 {[%clk 1:21:31]} Qe7 {[%clk 1:02:33]} 16. Nhf5 {[%clk
1:15:21]} Qf6 {[%clk 0:57:08]} 17. Qf3 {[%clk 0:48:47]} Bxf5 {[%clk 0:46:28]}
18. Qxf5 {[%clk 0:33:50]} Rad8 {[%clk 0:42:07]} 19. Qxf6 {[%clk 0:30:58]} Nxf6
{[%clk 0:42:30]} 20. Ne4 {[%clk 0:28:27]} Nd5 {[%clk 0:38:17]} 21. Bd2 {[%clk
0:23:07]} Nce7 {[%clk 0:32:15]} 22. Rad1 {[%clk 0:14:23]} Ng6 {[%clk 0:32:10]}
23. Bc1 {[%clk 0:09:06]} Ndf4 {[%clk 0:25:01]} 24. Be3 {[%clk 0:07:47]} Bxe3
{[%clk 0:22:21]} 25. fxe3 {[%clk 0:06:51]} Nd5 {[%clk 0:21:12]} 26. d4 {[%clk
0:04:37]} 1/2-1/2

[Event "DEM U18w 2021"]
[Site "Willingen GER"]
[Date "2021.08.25"]
[Round "4"]
[White "Fock, Amina"]
[Black "Schneider, Katharina"]
[Result "0-1"]
[Termination "normal"]
[Board "5"]
[WhiteElo "1828"]
[BlackElo "1738"]
[WhiteClock "00:02:46"]
[BlackClock "00:06:10"]
[PlyCount "62"]
[WhiteFideId "12981982"]
[BlackFideId "16200519"]
[EventCountry "GER"]
[EventRounds "9"]
[EventType "swiss"]
[EventDate "2021.08.22"]

1. e4 {[%clk 1:30:56]} e5 {[%clk 1:30:56]} 2. Nf3 {[%clk 1:31:20]} Nc6 {[%clk
1:31:18]} 3. Bb5 {[%clk 1:31:41]} a6 {[%clk 1:31:45]} 4. Ba4 {[%clk 1:32:03]}
Nf6 {[%clk 1:32:06]} 5. d3 {[%clk 1:32:14]} b5 {[%clk 1:32:32]} 6. Bb3 {[%clk
1:32:38]} Bc5 {[%clk 1:32:54]} 7. Nc3 {[%clk 1:32:10]} d6 {[%clk 1:33:19]} 8.
Nd5 {[%clk 1:32:18]} h6 {[%clk 1:33:35]} 9. c3 {[%clk 1:32:05]} Be6 {[%clk
1:33:52]} 10. O-O {[%clk 1:25:08]} Ba7 {[%clk 1:25:43]} 11. Be3 {[%clk
1:04:29]} O-O {[%clk 1:18:11]} 12. Re1 {[%clk 0:57:12]} Na5 {[%clk 1:04:26]}
13. Nxf6+ {[%clk 0:51:31]} Qxf6 {[%clk 1:04:41]} 14. Bc2 {[%clk 0:51:33]} c5
{[%clk 0:59:08]} 15. Kh1 {[%clk 0:44:24]} Nc6 {[%clk 0:51:41]} 16. Rg1 {[%clk
0:38:50]} d5 {[%clk 0:43:53]} 17. g4 {[%clk 0:34:26]} dxe4 {[%clk 0:41:51]} 18.
dxe4 {[%clk 0:34:16]} Rad8 {[%clk 0:28:29]} 19. Nd2 {[%clk 0:28:19]} g5 {[%clk
0:24:40]} 20. Rg3 {[%clk 0:25:31]} Kg7 {[%clk 0:16:16]} 21. Qe2 {[%clk
0:21:03]} Qe7 {[%clk 0:14:55]} 22. a4 {[%clk 0:14:36]} c4 {[%clk 0:12:43]} 23.
Bxa7 {[%clk 0:13:10]} Nxa7 {[%clk 0:13:07]} 24. b3 {[%clk 0:12:18]} Qc5 {[%clk
0:09:45]} 25. axb5 {[%clk 0:09:16]} axb5 {[%clk 0:09:48]} 26. bxc4 {[%clk
0:09:14]} bxc4 {[%clk 0:09:10]} 27. Ra4 {[%clk 0:08:36]} Rc8 {[%clk 0:09:08]}
28. Rg1 {[%clk 0:06:49]} Rfd8 {[%clk 0:08:28]} 29. Rb1 {[%clk 0:05:46]} Bxg4
{[%clk 0:07:31]} 30. f3 {[%clk 0:03:42]} Rxd2 {[%clk 0:07:30]} 31. Qf1 {[%clk
0:02:46]} Rf2 {[%clk 0:06:10]} 0-1

[Event "DEM U18w 2021"]
[Site "Willingen GER"]
[Date "2021.08.25"]
[Round "4"]
[White "Basovskiy, Jana"]
[Black "Rudolph, Eva"]
[Result "1-0"]
[Termination "normal"]
[Board "6"]
[WhiteElo "1784"]
[BlackElo "1790"]
[WhiteClock "00:27:05"]
[BlackClock "00:28:43"]
[PlyCount "97"]
[WhiteFideId "16208617"]
[BlackFideId "16200594"]
[EventCountry "GER"]
[EventRounds "9"]
[EventType "swiss"]
[EventDate "2021.08.22"]

1. e4 {[%clk 1:30:58]} c5 {[%clk 1:30:53]} 2. Nf3 {[%clk 1:31:24]} e6 {[%clk
1:31:18]} 3. d3 {[%clk 1:31:40]} Nc6 {[%clk 1:31:39]} 4. g3 {[%clk 1:32:01]}
Nge7 {[%clk 1:32:00]} 5. Bg2 {[%clk 1:32:16]} g6 {[%clk 1:32:18]} 6. O-O {[%clk
1:31:51]} Bg7 {[%clk 1:32:38]} 7. Nbd2 {[%clk 1:30:32]} O-O {[%clk 1:32:38]} 8.
Re1 {[%clk 1:26:19]} e5 {[%clk 1:31:45]} 9. Nc4 {[%clk 1:21:02]} d6 {[%clk
1:30:57]} 10. c3 {[%clk 1:04:20]} h6 {[%clk 1:30:35]} 11. Ne3 {[%clk 0:59:30]}
Be6 {[%clk 1:29:44]} 12. Nd2 {[%clk 0:58:49]} Qd7 {[%clk 1:25:05]} 13. Ndf1
{[%clk 0:53:10]} f5 {[%clk 1:20:48]} 14. exf5 {[%clk 0:49:18]} gxf5 {[%clk
1:19:43]} 15. Nc2 {[%clk 0:43:48]} f4 {[%clk 1:04:35]} 16. Nd2 {[%clk 0:39:51]}
d5 {[%clk 0:54:43]} 17. Nb3 {[%clk 0:32:22]} b6 {[%clk 0:53:05]} 18. d4 {[%clk
0:25:27]} c4 {[%clk 0:49:29]} 19. Nd2 {[%clk 0:25:42]} e4 {[%clk 0:47:35]} 20.
f3 {[%clk 0:17:00]} e3 {[%clk 0:28:02]} 21. Nf1 {[%clk 0:16:48]} Bh3 {[%clk
0:27:28]} 22. gxf4 {[%clk 0:14:18]} Bxg2 {[%clk 0:26:58]} 23. Kxg2 {[%clk
0:14:42]} Nf5 {[%clk 0:26:24]} 24. Nfxe3 {[%clk 0:07:22]} Nh4+ {[%clk 0:26:22]}
25. Kh1 {[%clk 0:07:34]} Qh3 {[%clk 0:25:50]} 26. Rf1 {[%clk 0:07:07]} Rxf4
{[%clk 0:24:30]} 27. Ne1 {[%clk 0:05:42]} Raf8 {[%clk 0:23:29]} 28. Qe2 {[%clk
0:05:33]} Re8 {[%clk 0:08:40]} 29. Qf2 {[%clk 0:04:35]} Rf7 {[%clk 0:02:27]}
30. Qg3 {[%clk 0:04:06]} Qxg3 {[%clk 0:01:57]} 31. hxg3 {[%clk 0:04:34]} Nf5
{[%clk 0:02:05]} 32. Nxf5 {[%clk 0:04:28]} Rxf5 {[%clk 0:02:33]} 33. Ng2 {[%clk
0:02:38]} Re2 {[%clk 0:01:46]} 34. Nf4 {[%clk 0:01:40]} Rc2 {[%clk 0:01:48]}
35. Kg1 {[%clk 0:01:28]} Bf8 {[%clk 0:00:51]} 36. Rf2 {[%clk 0:01:10]} Rxf2
{[%clk 0:01:00]} 37. Kxf2 {[%clk 0:01:38]} Ne7 {[%clk 0:00:47]} 38. Bd2 {[%clk
0:01:47]} Kf7 {[%clk 0:00:56]} 39. Re1 {[%clk 0:01:40]} Bg7 {[%clk 0:00:50]}
40. g4 {[%clk 0:01:18]} Rf6 {[%clk 0:00:34]} 41. Rxe7+ {[%clk 0:26:32]} Kxe7
{[%clk 0:30:55]} 42. Nxd5+ {[%clk 0:26:59]} Ke6 {[%clk 0:31:01]} 43. Nxf6
{[%clk 0:27:25]} Kxf6 {[%clk 0:31:22]} 44. Bf4 {[%clk 0:27:13]} Ke6 {[%clk
0:30:34]} 45. Kg3 {[%clk 0:27:17]} Kf7 {[%clk 0:30:10]} 46. Be5 {[%clk
0:27:03]} Bf8 {[%clk 0:29:55]} 47. Kf4 {[%clk 0:27:05]} Be7 {[%clk 0:29:41]}
48. Kf5 {[%clk 0:26:59]} Bg5 {[%clk 0:28:43]} 49. Bf4 {[%clk 0:27:05]} 1-0

[Event "DEM U18w 2021"]
[Site "Willingen GER"]
[Date "2021.08.25"]
[Round "4"]
[White "Nizamova, Rita"]
[Black "Schmidt, Antonia"]
[Result "0-1"]
[Termination "normal"]
[Board "7"]
[WhiteElo "1754"]
[BlackElo "1651"]
[WhiteClock "00:06:33"]
[BlackClock "00:15:30"]
[PlyCount "102"]
[WhiteFideId "16221940"]
[BlackFideId "16291280"]
[EventCountry "GER"]
[EventRounds "9"]
[EventType "swiss"]
[EventDate "2021.08.22"]

1. d4 {[%clk 1:30:58]} Nf6 {[%clk 1:30:57]} 2. g4 {[%clk 1:31:22]} Nxg4 {[%clk
1:28:09]} 3. e4 {[%clk 1:31:45]} d6 {[%clk 1:28:33]} 4. Bg2 {[%clk 1:30:05]} e5
{[%clk 1:25:01]} 5. Nf3 {[%clk 1:29:27]} Nc6 {[%clk 1:23:10]} 6. h3 {[%clk
1:26:35]} Nf6 {[%clk 1:21:07]} 7. d5 {[%clk 1:24:31]} Ne7 {[%clk 1:14:34]} 8.
Qe2 {[%clk 1:21:04]} Ng6 {[%clk 1:11:34]} 9. Nh2 {[%clk 1:12:13]} Nh4 {[%clk
0:56:36]} 10. Bf1 {[%clk 1:05:42]} Qe7 {[%clk 0:54:49]} 11. Bg5 {[%clk
1:04:46]} Ng6 {[%clk 0:55:06]} 12. Ng4 {[%clk 1:00:54]} Bxg4 {[%clk 0:52:34]}
13. hxg4 {[%clk 1:01:03]} a6 {[%clk 0:52:46]} 14. b4 {[%clk 0:57:59]} h6 {[%clk
0:48:16]} 15. Bxf6 {[%clk 0:56:21]} Qxf6 {[%clk 0:48:36]} 16. b5 {[%clk
0:53:49]} Be7 {[%clk 0:44:39]} 17. Qc4 {[%clk 0:50:00]} O-O {[%clk 0:44:29]}
18. Nd2 {[%clk 0:47:17]} axb5 {[%clk 0:36:14]} 19. Qxb5 {[%clk 0:35:34]} Qf4
{[%clk 0:31:55]} 20. Qe2 {[%clk 0:33:04]} Bg5 {[%clk 0:29:51]} 21. a4 {[%clk
0:27:03]} Ra7 {[%clk 0:25:56]} 22. Rh3 {[%clk 0:26:01]} Rfa8 {[%clk 0:23:23]}
23. Rha3 {[%clk 0:26:01]} Nf8 {[%clk 0:19:22]} 24. Bh3 {[%clk 0:22:21]} Nh7
{[%clk 0:17:20]} 25. Rf3 {[%clk 0:09:38]} Qxd2+ {[%clk 0:17:34]} 26. Qxd2
{[%clk 0:09:51]} Bxd2+ {[%clk 0:18:01]} 27. Kxd2 {[%clk 0:10:15]} Ng5 {[%clk
0:18:20]} 28. Rb3 {[%clk 0:10:08]} Nxe4+ {[%clk 0:18:00]} 29. Ke3 {[%clk
0:10:14]} Nc5 {[%clk 0:18:09]} 30. Rba3 {[%clk 0:09:38]} Rxa4 {[%clk 0:17:57]}
31. Rxa4 {[%clk 0:09:59]} Rxa4 {[%clk 0:18:19]} 32. Rxa4 {[%clk 0:09:47]} Nxa4
{[%clk 0:18:44]} 33. Kd3 {[%clk 0:09:13]} Kf8 {[%clk 0:16:02]} 34. Bg2 {[%clk
0:09:25]} Ke7 {[%clk 0:16:03]} 35. Kc4 {[%clk 0:08:50]} g6 {[%clk 0:16:07]} 36.
Kb4 {[%clk 0:08:31]} Nc5 {[%clk 0:16:10]} 37. Kc4 {[%clk 0:08:29]} f5 {[%clk
0:16:32]} 38. gxf5 {[%clk 0:08:49]} gxf5 {[%clk 0:17:00]} 39. Bh3 {[%clk
0:08:04]} Kf6 {[%clk 0:17:23]} 40. f3 {[%clk 0:08:23]} Kg5 {[%clk 0:17:31]} 41.
Kc3 {[%clk 0:08:32]} Kf4 {[%clk 0:17:51]} 42. Kd2 {[%clk 0:08:36]} Nd7 {[%clk
0:16:47]} 43. c4 {[%clk 0:06:57]} Nc5 {[%clk 0:16:23]} 44. Ke2 {[%clk 0:06:42]}
e4 {[%clk 0:16:28]} 45. fxe4 {[%clk 0:07:05]} fxe4 {[%clk 0:16:37]} 46. Be6
{[%clk 0:07:00]} e3 {[%clk 0:16:24]} 47. Bf7 {[%clk 0:07:08]} Ne4 {[%clk
0:16:18]} 48. Ke1 {[%clk 0:06:47]} Ng3 {[%clk 0:16:23]} 49. Be6 {[%clk
0:06:41]} h5 {[%clk 0:16:42]} 50. Bh3 {[%clk 0:06:37]} h4 {[%clk 0:16:54]} 51.
Bc8 {[%clk 0:06:33]} Nf5 {[%clk 0:15:30]} 0-1

[Event "DEM U18w 2021"]
[Site "Willingen GER"]
[Date "2021.08.25"]
[Round "4"]
[White "Peschel, Julia"]
[Black "Zell, Hannah"]
[Result "1-0"]
[Termination "normal"]
[Board "8"]
[WhiteElo "1410"]
[BlackElo "1614"]
[WhiteClock "00:27:41"]
[BlackClock "00:29:32"]
[PlyCount "85"]
[WhiteFideId "16255593"]
[BlackFideId "16208900"]
[EventCountry "GER"]
[EventRounds "9"]
[EventType "swiss"]
[EventDate "2021.08.22"]

1. e4 {[%clk 1:30:59]} e5 {[%clk 1:30:51]} 2. Nf3 {[%clk 1:31:21]} Nc6 {[%clk
1:31:12]} 3. Bb5 {[%clk 1:31:40]} a6 {[%clk 1:31:13]} 4. Ba4 {[%clk 1:32:04]}
Bc5 {[%clk 1:31:00]} 5. O-O {[%clk 1:31:32]} d6 {[%clk 1:26:16]} 6. c3 {[%clk
1:30:56]} Nf6 {[%clk 1:23:18]} 7. d4 {[%clk 1:19:59]} exd4 {[%clk 1:10:33]} 8.
cxd4 {[%clk 1:19:59]} Ba7 {[%clk 1:10:16]} 9. d5 {[%clk 1:18:57]} b5 {[%clk
1:10:10]} 10. dxc6 {[%clk 1:18:49]} bxa4 {[%clk 1:09:50]} 11. Nc3 {[%clk
1:15:21]} h6 {[%clk 1:04:07]} 12. h3 {[%clk 1:08:14]} O-O {[%clk 0:59:23]} 13.
Qxa4 {[%clk 1:07:13]} Be6 {[%clk 0:48:40]} 14. Qc2 {[%clk 1:02:45]} Qc8 {[%clk
0:44:20]} 15. Qe2 {[%clk 0:52:36]} Re8 {[%clk 0:41:49]} 16. Be3 {[%clk
0:49:03]} Bxe3 {[%clk 0:37:11]} 17. Qxe3 {[%clk 0:48:32]} Qb8 {[%clk 0:32:36]}
18. b3 {[%clk 0:33:53]} a5 {[%clk 0:23:44]} 19. Qd3 {[%clk 0:28:09]} Bc8 {[%clk
0:21:11]} 20. Rfe1 {[%clk 0:26:36]} Ba6 {[%clk 0:20:23]} 21. Qd2 {[%clk
0:21:44]} Qb4 {[%clk 0:12:43]} 22. Nd5 {[%clk 0:15:35]} Qxd2 {[%clk 0:11:59]}
23. Nxd2 {[%clk 0:12:22]} Nxd5 {[%clk 0:11:07]} 24. exd5 {[%clk 0:12:43]} Kf8
{[%clk 0:10:14]} 25. Nf3 {[%clk 0:10:15]} Rxe1+ {[%clk 0:09:09]} 26. Rxe1
{[%clk 0:10:33]} Re8 {[%clk 0:09:19]} 27. Rxe8+ {[%clk 0:09:38]} Kxe8 {[%clk
0:09:44]} 28. Nd4 {[%clk 0:09:28]} g6 {[%clk 0:09:06]} 29. f3 {[%clk 0:09:32]}
Ke7 {[%clk 0:08:05]} 30. Kf2 {[%clk 0:09:57]} Kf6 {[%clk 0:07:51]} 31. f4
{[%clk 0:09:38]} Bd3 {[%clk 0:02:25]} 32. Kf3 {[%clk 0:09:23]} g5 {[%clk
0:01:21]} 33. g3 {[%clk 0:06:28]} Bf1 {[%clk 0:00:47]} 34. h4 {[%clk 0:05:55]}
gxh4 {[%clk 0:00:41]} 35. gxh4 {[%clk 0:06:13]} h5 {[%clk 0:00:58]} 36. a3
{[%clk 0:04:02]} Ba6 {[%clk 0:00:33]} 37. a4 {[%clk 0:03:07]} Ke7 {[%clk
0:00:34]} 38. Nb5 {[%clk 0:02:26]} Kd8 {[%clk 0:00:37]} 39. Ke4 {[%clk
0:02:20]} Bc8 {[%clk 0:00:36]} 40. f5 {[%clk 0:00:40]} f6 {[%clk 0:00:38]} 41.
Na3 {[%clk 0:30:21]} Ba6 {[%clk 0:29:09]} 42. Nc4 {[%clk 0:27:17]} Bxc4 {[%clk
0:29:32]} 43. bxc4 {[%clk 0:27:41]} 1-0

[Event "DEM U18w 2021"]
[Site "Willingen GER"]
[Date "2021.08.25"]
[Round "4"]
[White "Schilay, Maria"]
[Black "Trams, Emma Joe"]
[Result "1/2-1/2"]
[Termination "normal"]
[Board "9"]
[WhiteElo "1481"]
[BlackElo "1466"]
[WhiteClock "00:25:47"]
[BlackClock "00:59:11"]
[PlyCount "82"]
[WhiteFideId "12942979"]
[BlackFideId "16206517"]
[EventCountry "GER"]
[EventRounds "9"]
[EventType "swiss"]
[EventDate "2021.08.22"]

1. e4 {[%clk 1:30:53]} e5 {[%clk 1:30:56]} 2. Nf3 {[%clk 1:31:13]} Nc6 {[%clk
1:31:17]} 3. Nc3 {[%clk 1:31:29]} Nf6 {[%clk 1:31:39]} 4. a3 {[%clk 1:31:31]}
d5 {[%clk 1:31:57]} 5. Bb5 {[%clk 1:31:25]} Nxe4 {[%clk 1:32:09]} 6. Nxe4
{[%clk 1:30:05]} dxe4 {[%clk 1:31:49]} 7. Nxe5 {[%clk 1:24:03]} Qg5 {[%clk
1:31:29]} 8. d4 {[%clk 1:13:35]} Qxg2 {[%clk 1:29:08]} 9. Rf1 {[%clk 1:11:58]}
a6 {[%clk 1:26:43]} 10. Bxc6+ {[%clk 1:07:54]} bxc6 {[%clk 1:26:45]} 11. Bf4
{[%clk 1:01:15]} Bd6 {[%clk 1:22:53]} 12. Qh5 {[%clk 0:44:15]} Be6 {[%clk
1:11:54]} 13. O-O-O {[%clk 0:40:32]} Qh3 {[%clk 1:03:23]} 14. Qg5 {[%clk
0:25:32]} Qf5 {[%clk 1:02:12]} 15. Qxf5 {[%clk 0:25:41]} Bxf5 {[%clk 1:02:26]}
16. Bg3 {[%clk 0:25:44]} Bd7 {[%clk 0:55:36]} 17. Rde1 {[%clk 0:23:39]} Bxe5
{[%clk 0:49:59]} 18. Bxe5 {[%clk 0:23:05]} O-O {[%clk 0:49:10]} 19. Rxe4 {[%clk
0:21:58]} Rac8 {[%clk 0:48:42]} 20. Rfe1 {[%clk 0:18:24]} Be6 {[%clk 0:47:53]}
21. Rg1 {[%clk 0:15:09]} g6 {[%clk 0:47:01]} 22. Bf6 {[%clk 0:14:12]} h5 {[%clk
0:46:27]} 23. Re5 {[%clk 0:12:35]} Kh7 {[%clk 0:46:10]} 24. f4 {[%clk 0:11:06]}
Rfe8 {[%clk 0:45:04]} 25. Rge1 {[%clk 0:08:03]} Rb8 {[%clk 0:39:45]} 26. c4
{[%clk 0:06:25]} Kg8 {[%clk 0:34:02]} 27. Ra5 {[%clk 0:02:51]} Bxc4 {[%clk
0:33:50]} 28. Rae5 {[%clk 0:01:31]} Be6 {[%clk 0:33:32]} 29. R1e3 {[%clk
0:01:25]} Rb5 {[%clk 0:33:08]} 30. Rc3 {[%clk 0:01:28]} Rxe5 {[%clk 0:31:29]}
31. fxe5 {[%clk 0:01:20]} Bd5 {[%clk 0:30:59]} 32. Rc5 {[%clk 0:01:24]} Ra8
{[%clk 0:30:27]} 33. Kc2 {[%clk 0:01:13]} Kf8 {[%clk 0:30:28]} 34. b4 {[%clk
0:01:07]} Ke8 {[%clk 0:30:21]} 35. Kc3 {[%clk 0:01:27]} Kd7 {[%clk 0:30:18]}
36. a4 {[%clk 0:01:29]} Bf3 {[%clk 0:30:07]} 37. b5 {[%clk 0:01:04]} cxb5
{[%clk 0:29:40]} 38. axb5 {[%clk 0:01:22]} axb5 {[%clk 0:29:42]} 39. Rxb5
{[%clk 0:01:35]} Kc8 {[%clk 0:29:19]} 40. h4 {[%clk 0:01:04]} c6 {[%clk
0:29:12]} 41. Rb2 {[%clk 0:25:47]} Bd5 {[%clk 0:59:11]} 1/2-1/2

[Event "DEM U18w 2021"]
[Site "Willingen GER"]
[Date "2021.08.25"]
[Round "4"]
[White "Cheredzhiyska, Iva"]
[Black "Jacoby, Angelina"]
[Result "1-0"]
[Termination "normal"]
[Board "10"]
[WhiteElo "1571"]
[BlackElo "1594"]
[WhiteClock "00:16:15"]
[BlackClock "00:01:22"]
[PlyCount "71"]
[WhiteFideId "16241622"]
[BlackFideId "12999008"]
[EventCountry "GER"]
[EventRounds "9"]
[EventType "swiss"]
[EventDate "2021.08.22"]

1. e4 {[%clk 1:30:40]} e5 {[%clk 1:30:38]} 2. Nf3 {[%clk 1:30:58]} Nc6 {[%clk
1:30:57]} 3. d4 {[%clk 1:31:09]} exd4 {[%clk 1:31:13]} 4. Nxd4 {[%clk 1:31:24]}
Nf6 {[%clk 1:31:22]} 5. Nc3 {[%clk 1:31:34]} Bb4 {[%clk 1:31:29]} 6. Nxc6
{[%clk 1:31:36]} bxc6 {[%clk 1:31:17]} 7. Bd3 {[%clk 1:31:52]} d5 {[%clk
1:30:55]} 8. exd5 {[%clk 1:30:56]} O-O {[%clk 1:25:35]} 9. O-O {[%clk 1:29:21]}
cxd5 {[%clk 1:25:21]} 10. Bg5 {[%clk 1:28:00]} c6 {[%clk 1:25:07]} 11. Qf3
{[%clk 1:24:40]} Bd6 {[%clk 1:24:17]} 12. h3 {[%clk 1:16:48]} h6 {[%clk
1:17:29]} 13. Bh4 {[%clk 1:12:48]} Be6 {[%clk 1:14:18]} 14. Rad1 {[%clk
1:02:24]} Rb8 {[%clk 1:11:19]} 15. b3 {[%clk 0:47:50]} Be7 {[%clk 0:55:33]} 16.
Bg3 {[%clk 0:44:26]} Ra8 {[%clk 0:46:15]} 17. Na4 {[%clk 0:35:38]} Qa5 {[%clk
0:41:45]} 18. Be5 {[%clk 0:32:12]} Nd7 {[%clk 0:40:28]} 19. Bc3 {[%clk
0:30:19]} Qc7 {[%clk 0:38:09]} 20. Rfe1 {[%clk 0:29:42]} Rfe8 {[%clk 0:32:39]}
21. b4 {[%clk 0:29:25]} Rad8 {[%clk 0:25:07]} 22. Re2 {[%clk 0:24:58]} Nb6
{[%clk 0:22:34]} 23. Nc5 {[%clk 0:24:19]} Bxc5 {[%clk 0:13:40]} 24. bxc5 {[%clk
0:24:41]} Na4 {[%clk 0:12:14]} 25. Bd4 {[%clk 0:22:50]} Qa5 {[%clk 0:12:27]}
26. Qg3 {[%clk 0:22:58]} f6 {[%clk 0:08:16]} 27. Bxf6 {[%clk 0:22:39]} Rd7
{[%clk 0:08:34]} 28. Qg6 {[%clk 0:22:13]} Kf8 {[%clk 0:07:09]} 29. Bd4 {[%clk
0:20:04]} Rde7 {[%clk 0:05:39]} 30. Rxe6 {[%clk 0:19:03]} Nxc5 {[%clk 0:02:07]}
31. Bxc5 {[%clk 0:19:08]} Qxc5 {[%clk 0:02:13]} 32. Qf5+ {[%clk 0:17:49]} Rf7
{[%clk 0:00:48]} 33. Rxe8+ {[%clk 0:17:47]} Kxe8 {[%clk 0:01:05]} 34. Qc8+
{[%clk 0:15:56]} Ke7 {[%clk 0:01:18]} 35. Re1+ {[%clk 0:16:15]} Kd6 {[%clk
0:01:22]} 36. Re6# 1-0

[Event "DEM U18w 2021"]
[Site "Willingen GER"]
[Date "2021.08.26"]
[Round "5"]
[White "Schneider, Katharina"]
[Black "Peglau, Sarah"]
[Result "1/2-1/2"]
[Termination "normal"]
[Board "1"]
[WhiteElo "1738"]
[BlackElo "1888"]
[WhiteClock "00:04:43"]
[BlackClock "00:24:51"]
[PlyCount "101"]
[WhiteFideId "16200519"]
[BlackFideId "16219961"]
[EventCountry "GER"]
[EventRounds "9"]
[EventType "swiss"]
[EventDate "2021.08.22"]

1. e4 {[%clk 1:30:57]} c6 {[%clk 1:30:56]} 2. c4 {[%clk 1:31:23]} e6 {[%clk
1:31:22]} 3. Nc3 {[%clk 1:30:17]} d5 {[%clk 1:30:41]} 4. cxd5 {[%clk 1:29:53]}
exd5 {[%clk 1:30:57]} 5. exd5 {[%clk 1:29:40]} cxd5 {[%clk 1:30:11]} 6. d4
{[%clk 1:28:31]} Nf6 {[%clk 1:29:26]} 7. Nf3 {[%clk 1:27:23]} Bf5 {[%clk
1:27:06]} 8. Bb5+ {[%clk 1:21:05]} Nbd7 {[%clk 1:18:47]} 9. Bg5 {[%clk
0:59:33]} Bb4 {[%clk 1:14:11]} 10. Qe2+ {[%clk 0:49:46]} Qe7 {[%clk 1:02:29]}
11. Bxf6 {[%clk 0:37:00]} Bxc3+ {[%clk 1:01:08]} 12. bxc3 {[%clk 0:37:18]}
Qxe2+ {[%clk 1:01:15]} 13. Bxe2 {[%clk 0:37:13]} Nxf6 {[%clk 1:01:12]} 14. Bb5+
{[%clk 0:37:15]} Bd7 {[%clk 1:00:29]} 15. Bxd7+ {[%clk 0:37:22]} Nxd7 {[%clk
1:00:41]} 16. O-O {[%clk 0:37:16]} O-O {[%clk 1:00:37]} 17. Rfe1 {[%clk
0:36:40]} Rfe8 {[%clk 0:59:10]} 18. Kf1 {[%clk 0:23:19]} Kf8 {[%clk 0:55:57]}
19. Rxe8+ {[%clk 0:20:42]} Rxe8 {[%clk 0:56:06]} 20. Re1 {[%clk 0:20:10]} Nb6
{[%clk 0:52:41]} 21. Nd2 {[%clk 0:16:13]} Rxe1+ {[%clk 0:45:36]} 22. Kxe1
{[%clk 0:16:37]} Ke7 {[%clk 0:45:50]} 23. Ke2 {[%clk 0:14:35]} Kd6 {[%clk
0:46:12]} 24. Kd3 {[%clk 0:12:56]} Kc6 {[%clk 0:44:33]} 25. f3 {[%clk 0:08:23]}
Kb5 {[%clk 0:41:55]} 26. g3 {[%clk 0:06:58]} a5 {[%clk 0:28:29]} 27. h4 {[%clk
0:07:05]} Ka4 {[%clk 0:16:54]} 28. c4 {[%clk 0:05:50]} Ka3 {[%clk 0:15:47]} 29.
cxd5 {[%clk 0:06:08]} Nxd5 {[%clk 0:15:56]} 30. Kc4 {[%clk 0:03:12]} Nf6 {[%clk
0:14:55]} 31. Kb5 {[%clk 0:03:27]} Kxa2 {[%clk 0:14:24]} 32. Kxa5 {[%clk
0:03:46]} Kb2 {[%clk 0:14:40]} 33. Ne4 {[%clk 0:03:39]} Nd7 {[%clk 0:06:57]}
34. Kb5 {[%clk 0:03:29]} Kc2 {[%clk 0:03:10]} 35. Kc4 {[%clk 0:03:14]} b5+
{[%clk 0:02:22]} 36. Kxb5 {[%clk 0:02:56]} Kd3 {[%clk 0:02:50]} 37. Kc6 {[%clk
0:02:15]} Nf8 {[%clk 0:00:46]} 38. d5 {[%clk 0:01:53]} Ke3 {[%clk 0:01:10]} 39.
Ng5 {[%clk 0:01:32]} h6 {[%clk 0:00:59]} 40. Nxf7 {[%clk 0:01:12]} Kxf3 {[%clk
0:01:05]} 41. Nd8 {[%clk 0:22:52]} Kxg3 {[%clk 0:28:49]} 42. Ne6 {[%clk
0:23:04]} Ng6 {[%clk 0:26:42]} 43. d6 {[%clk 0:12:40]} Ne5+ {[%clk 0:26:00]}
44. Kd5 {[%clk 0:08:32]} Nd7 {[%clk 0:24:54]} 45. Nxg7 {[%clk 0:08:10]} Kxh4
{[%clk 0:24:00]} 46. Nf5+ {[%clk 0:04:33]} Kg5 {[%clk 0:23:57]} 47. Nxh6 {[%clk
0:04:22]} Kxh6 {[%clk 0:24:12]} 48. Ke6 {[%clk 0:04:46]} Nc5+ {[%clk 0:24:22]}
49. Ke7 {[%clk 0:03:56]} Kg7 {[%clk 0:24:28]} 50. d7 {[%clk 0:04:19]} Nxd7
{[%clk 0:24:51]} 51. Kxd7 {[%clk 0:04:43]} 1/2-1/2